Normal view MARC view

Entry Topical Term

Number of records used in: 2

001 - CONTROL NUMBER

  • control field: 46984

003 - CONTROL NUMBER IDENTIFIER

  • control field: dpl

005 - DATE AND TIME OF LATEST TRANSACTION

  • control field: 20120512141746.0

008 - FIXED-LENGTH DATA ELEMENTS

  • fixed length control field: 120512|||a|||||| | ||| d

040 ## - CATALOGING SOURCE

  • Original cataloging agency: dpl
  • Transcribing agency: dpl

150 ## - HEADING--TOPICAL TERM

  • Topical term or geographic name as entry element: हिन्दी भाषा
  • General subdivision: व्याकरण

670 ## - SOURCE DATA FOUND

  • Source citation: Work cat.: (dpl): 46983, बृहत् पारिभाषिक शब्द-संग्रह- विज्ञान- (हिन्दी-अंग्रेजी) /, 1980

670 ## - SOURCE DATA FOUND

  • Source citation: Work cat.: (dpl): 46983, बृहत् पारिभाषिक शब्द-संग्रह- विज्ञान- (हिन्दी-अंग्रेजी) /, 1980

© Delhi Public Library
Hit Counter
free hit counter